Shipbuilding Contracts (Record no. 4366)
[ view plain ]
| 000 -CABECERA | |
|---|---|
| campo de control de longitud fija | 00332nam a22001337a 4500 |
| 022 ## - NUMERO INTERNACIONAL NORMALIZADO PARA PUBLICACIONES SERIADAS (ISSN) | |
| International Standard Serial Number | 0907432255 |
| 080 ## - NUMERO DE CLASIFICACION DECIMAL UNIVERSAL (CDU) | |
| Número de la Clasificación Decimal Universal | 347.44= 20 SH 64 |
| 245 ## - MENCION DE TITULO | |
| Título propiamente dicho | Shipbuilding Contracts |
| 260 ## - PUBLICACION, DISTRIBUCION, ETC. (PIE DE IMPRENTA) | |
| Lugar de publicación, distribución, etc. | London |
| Nombre del editor, distribuidor, etc. | LLoyd s of London Press Ltd. |
| Fecha de publicación, distribución, etc. | 1982 |
| 300 ## - DESCRIPCION FISICA | |
| Extensión | 228 P: |
| 650 ## - ASIENTO SECUNDARIO DE MATERIA - TERMINO TEMATICO | |
| Fuente del encabezamiento o término | Tesauro de Biblioteconomía y Documentación |
| Subdivisión general | contratos |
| -- | garantias |
| 942 ## - ELEMENTOS AGREGADOS (KOHA) | |
| Fuente de clasificación | |
| 945 ## - INFORMACION DE PROCESAMIENTO LOCAL | |
| Responsable de cargamodificación | Celeste Delía |
| Fecha de carga/modificación | 2016-08-09 |
| Retirado | Perdido | Dañado | No se presta | Ubicación permanente | Locación actual | Estante o sala | Fecha de adquisición | Signatura topográfica | Inventario | Ultima fecha vista | Tipo de item de Koha |
|---|---|---|---|---|---|---|---|---|---|---|---|
| Bib. Derecho | Bib. Derecho | Biblioteca Graduados | 09/08/2016 | 347.44= 20 SH 64 | 1589 | 09/08/2016 | LIBRO (Consulta) |
